Monopoly Board Quiz - United States - Statistics

General Stats
  • This quiz has been taken 62,645 times
  • The average score is 19 of 36
Answer Stats
Location % Correct
B&O Railroad
86%
Boardwalk
83%
Go
76%
Park Place
76%
Jail
73%
Chance
66%
Pennsylvania Avenue
65%
Pennsylvania Railroad
65%
Baltic Avenue
63%
Reading Railroad
63%
Community Chest
61%
Electric Company
60%
Free Parking
60%
New York Avenue
60%
Illinois Avenue
57%
Go to Jail
54%
Indiana Avenue
54%
Connecticut Avenue
53%
Kentucky Avenue
53%
Water Works
53%
Mediterranean Avenue
47%
Marvin Gardens
46%
Tennessee Avenue
46%
Vermont Avenue
45%
Luxury Tax
44%
Virginia Avenue
44%
North Carolina Avenue
42%
Atlantic Avenue
41%
St. James Place
41%
Income Tax
40%
St. Charles Place
40%
Oriental Avenue
39%
Short Line
35%
Pacific Avenue
34%
Ventnor Avenue
27%
States Avenue
20%
No matching quizzes found
Score Distribution
Percent of People with Each Score
Percentile by Number Answered
Your Score History
You have not taken this quiz